| 000 | 00441nam a22001577a 4500 | ||
|---|---|---|---|
| 003 | URS | ||
| 005 | 20251008150328.0 | ||
| 008 | 180103b xxu||||| |||| 00| 0 eng d | ||
| 040 | _curs | ||
| 050 | _aFIL HF 5686 C8 G937 | ||
| 245 | _aCost Accounting: principles and procedural application v.2 | ||
| 264 |
_aManila: _bGIC ENTERPRISES & CO. INC., _c[2010] |
||
| 300 | _avii, 298 pages. | ||
| 700 |
_4author _aGuerrero, Pedro |
||
| 942 |
_2lcc _cFR |
||
| 999 |
_c14931 _d14931 |
||